LEADER 01674nam a2200313 4500 001 000000365504 003 CaOOAMICUS 005 20251224142114.0 008 251128s2004 it 000 u ita r 020 $a88-348-4547-1 040 $aSeMil$bita 245 03$aLa laicità crocifissa? :$bil nodo costituzionale dei simboli religiosi nei luoghi pubblici : atti del Seminario, Ferrara, 28 maggio 2004 /$ca cura di Roberto Bin, Giuditta Brunelli, Andrea Pugiotto, Paolo Veronesi. 264 1$aTorino :$bGiappichelli,$c2004. 300 $aXXII, 338 p. ;$c23 cm 490 1 $aAmicus curiae. Atti dei Seminari "preventivi" ferraresi ;$v7 650 4$aLibertà religiosa - Costituzione italiana.$0(OLS)http://semarc/subject/30355 650 4$aChiesa e Stato - Italia.$0(OLS)http://semarc/subject/2980 700 12$aBin, Roberto,$d<1948->.$0(OLS)http://semarc/name/123346 700 12$aVeronesi, Paolo.$0(OLS)http://semarc/name/123349 700 12$aPugiotto, Andrea,$d<1961->.$0(OLS)http://semarc/name/123348 700 12$aBrunelli, Giuditta.$0(OLS)http://semarc/name/123347 830 0$aAmicus curiae ;$v7.$0(OLS)http://semarc/title/457111 850 $aSeMil 852 $aSeMil$W1$xVenegono$y1$m3L III 87$j265820$B256337$CSeMilBibl$Z2$F256337 $81 961 $aBuzzi mons. Franco - Omaggio 996 $6020$a88-348-4547-1$9(OLS)http://semarc/number/304832 996 $6245$aLa laicità crocifissa? :$bil nodo costituzionale dei simboli religiosi nei luoghi pubblici : atti del Seminario, Ferrara, 28 maggio 2004$9(OLS)http://semarc/title/457110 996 $6264$aTorino :$bGiappichelli$9(OLS)http://semarc/publisher/31793 LEADER 00590nam a2200169 i 4500 001 000000216258 003 CaOOAMICUS 005 20121010000000.0 008 121010n it u000 u ita u 013 $a195139 040 $aSeMil$bita 245 10$a2. 300 $a439 p., [38] c. di tav. anche ripieg. :$bill., tav. geneal., c. geogr. 773 0 $aBelotti, Bortolo$tStoria di Bergamo e dei bergamaschi.$dBergamo : Bolis, 1959.$w()27511 850 $aSeMil 852 $aSeMil$W1$xVenegono$y1$m3P VI 17$j166677$B166677$CSeMilBibl$Z2$F177540 $81 996 $6245$a2$9(OLS)http://semarc/title/46889